000 00316nam a2200109Ia 4500
008 220204s9999 xx 000 0 und d
082 _a658.1
_bSMY
100 _aSmyth, David J
245 0 _aSize, growth, profits and executive compensation in the large corporations
260 _aLondon
_bMacmillan
_c1975
942 _cBK
999 _c28199
_d28199